A Mitsuba Automotive Systems of Europe Kft anyag-és információáramlási rendszere, kritikai elemzés

Bibliográfiai részletek
Szerző: Medve Mónika
További közreműködők: Lipák Mária
Dokumentumtípus: Projektmunka
Kulcsszavak:Mitsuba
Anyagáramlás
Információáramlás
Online Access:http://dolgozattar.uni-bge.hu/16939

MARC

LEADER 00000nnm a2200000 i 4500
001 dolg16939
005 20180913110058.0
008 180518suuuu hu o 000 hun d
040 |a BGE Dolgozattár Repozitórium  |b hun 
041 |a hu 
100 1 |a Medve Mónika 
245 1 2 |a A Mitsuba Automotive Systems of Europe Kft anyag-és információáramlási rendszere, kritikai elemzés  |c Medve Mónika  |h [elektronikus dokumentum] 
516 |a Project_work 
695 |a Mitsuba 
695 |a Anyagáramlás 
695 |a Információáramlás 
700 1 |a Lipák Mária  |e ths 
856 4 0 |u http://dolgozattar.uni-bge.hu/16939/1/V%C3%89GLEGES%20PROJEKTMUNKA.pdf  |z Dokumentum-elérés 
856 4 0 |u http://dolgozattar.uni-bge.hu/16939/7/titkos%C3%ADt%C3%A1si.pdf  |z Dokumentum-elérés